=LDR 00000nam 2200000 4500 =001 INLIS000000000019074 =005 20201109080234 =035 ##$$a 0010-061300000019074 =008 201109################g##########0#ind## =041 ##$$a Ind =082 ##$$a 301.24 =090 ##$$a 301.24, Wol p =100 ##$$a Wolf, Eric R =245 1#$$a Petani : $b suatu tinjauan antropologis /$c Eric R Wolf ; penerjemah, Yayasan Ilmu Sosial =260 ##$$a Jakarta,$c 1983. =300 ##$$a x, 201 hlm, ; $c 21 x 14 cm. =650 #4$$a Antropologi =850 ##$$a NBPNMAT =084 ##$$a 301.24 WOL p =250 ##$$a Cet. 1 =990 ##$$a 3.554/Pro.84 =990 ##$$a 3.554/Pro.84